MY FAVOURITE NURSERY RHYMES PART I & II (Record no. 378927)

MARC details
000 -LEADER
fixed length control field 00429nam a2200157Ia 4500
008 - FIXED-LENGTH DATA ELEMENTS--GENERAL INFORMATION
fixed length control field 100122s9999 xx 000 0 und d
082 ## - DEWEY DECIMAL CLASSIFICATION NUMBER
Item number 63081
Classification number BM821
100 ## - MAIN ENTRY--PERSONAL NAME
Personal name PURI MINNU
245 ## - TITLE STATEMENT
Title MY FAVOURITE NURSERY RHYMES PART I & II
250 ## - EDITION STATEMENT
Edition statement 0
260 ## - PUBLICATION, DISTRIBUTION, ETC. (IMPRINT)
Name of publisher, distributor, etc TATA DONNELLEY
Date of publication, distribution, etc 2002
300 ## - PHYSICAL DESCRIPTION
Extent 80
630 ## - SUBJECT ADDED ENTRY--UNIFORM TITLE
Uniform title MY FAVOURITE NURSERY RHYMES PART I & II
730 ## - ADDED ENTRY--UNIFORM TITLE
Uniform title MY FAVOURITE NURSERY RHYMES PART I & II
942 ## - ADDED ENTRY ELEMENTS (KOHA)
Koha item type Book
Holdings
Withdrawn status Lost status Damaged status Not for loan Home library Current library Date acquired Cost, normal purchase price Total Checkouts Full call number Barcode Date last seen Cost, replacement price Price effective from Koha item type Public note
        S.V. Pathak Library, Vile Parle S.V. Pathak Library, Vile Parle 05/20/2003 25.00   63081 SVPPARLE-63081 01/25/2010 25.00 01/25/2010 Book ", , General, NA"